00433nam a2200157Ia 45000010006000000050017000060080041000230410008000640820017000721000039000892450094001282600009002223000028002316500008002596540008002671738620260306171513.0260306s9999||||xx |||||||||||||| ||und|| aESP a657.835bP86 aPrieto Hormaza, Marlon IváneAUT 0aContabilidad gubernamental y su impacto en el SIAF-SP:bfundamentos teórico-prácticos c2017 a554 páginas :c25 cm. aGEN aCCO